000 00713cam a2200229 i 4500
001 49812
005 20230410101628.0
008 071121b1898 fr a 000 0 fre
041 0 _afre
050 1 4 _a110 E 183.8
_bM314e 1898
082 0 0 _a327.7294
100 1 _aMarcelin, Frédéric,
_d1848-1917
245 1 4 _aUne evolution nécessaire /
_cFrédéric Marcelin.
260 _aParis,
_bP. Taillefer,
_c1898.
300 _a2 p. l., 205, [2] p.
_c16 cm.
490 0 _aWith his Choser haitiennes. Paris, 1896. Copy 2
651 0 _aHaiti
_xForeign relations
_zUnited States.
651 0 _aUnited States
_xForeign relations
_zHaiti.
650 4 _aCEH
650 4 _aColección Estudios Haitianos
942 _2lcc
_cbk
999 _c11243
_d11243